000
00332 a2200145 4500
001
156040
040
_c
Escola São Tomás de Aquino
100
_a
HIRATSUKA, Lúcia
240
1
0
_a
Corrida dos caracóis
_l
por
245
1
0
_a
Corrida dos caracóis
300
_a
22
362
0
_a
2010
697
_a
*LITERATURA INFANTIL
942
_c
BK
999
_c
156040
_d
156040